The media handbook: a complete guide to advertising media selection, planning, research, and buying. / (Record no. 6906)

MARC details
000 -LEADER
fixed length control field 01004nam a22002297a 4500
003 - CONTROL NUMBER IDENTIFIER
control field OSt
005 - DATE AND TIME OF LATEST TRANSACTION
control field 20220310111409.0
008 - FIXED-LENGTH DATA ELEMENTS--GENERAL INFORMATION
fixed length control field 190814b xxu||||| |||| 00| 0 eng d
010 ## - LIBRARY OF CONGRESS CONTROL NUMBER
LC control number 2013028080
020 ## - INTERNATIONAL STANDARD BOOK NUMBER
International Standard Book Number 9780415856720
020 ## - INTERNATIONAL STANDARD BOOK NUMBER
International Standard Book Number 9780415856713
040 ## - CATALOGING SOURCE
Transcribing agency LC
050 ## - LIBRARY OF CONGRESS CALL NUMBER
Classification number HF5826.5.K38(5e)
100 ## - MAIN ENTRY--PERSONAL NAME
Personal name Katz, Helen.
245 ## - TITLE STATEMENT
Title The media handbook: a complete guide to advertising media selection, planning, research, and buying. /
Statement of responsibility, etc. Helen Katz.
250 ## - EDITION STATEMENT
Edition statement 5th ed.
260 ## - PUBLICATION, DISTRIBUTION, ETC.
Place of publication, distribution, etc. New York:
Name of publisher, distributor, etc. Routledge,
Date of publication, distribution, etc. 2014.
300 ## - PHYSICAL DESCRIPTION
Extent xii, 232 p. :
Dimensions 23 cm.
500 ## - GENERAL NOTE
General note Includes bibliographical references and index.
505 ## - FORMATTED CONTENTS NOTE
Formatted contents note Contents: What is media? -- Media in the marketing context -- Developing optimal media objectives and strategies -- Exploring the media, part 1: paid -- Exploring the media, part 2: owned -- Exploring the media, part 3: earned -- Terms, calculations, considerations -- Creating the plan -- Making the media buys -- Evaluating the media plan.
942 ## - ADDED ENTRY ELEMENTS (KOHA)
Source of classification or shelving scheme Library of Congress Classification
Koha item type Books
Holdings
Withdrawn status Lost status Source of classification or shelving scheme Damaged status Not for loan Home library Current library Shelving location Date acquired Total Checkouts Full call number Barcode Date last seen Copy number Price effective from Koha item type Source of acquisition
    Library of Congress Classification     WISCONSIN INTERNATIONAL UNIVERSITY COLLEGE, GHANA - MAIN LIBRARY WISCONSIN INTERNATIONAL UNIVERSITY COLLEGE, GHANA - MAIN LIBRARY   14/08/2019   HF5826.5.K38(5e) 8471/065/19 14/08/2019 1 14/08/2019 Books  
    Library of Congress Classification     WISCONSIN INTERNATIONAL UNIVERSITY COLLEGE, GHANA - MAIN LIBRARY WISCONSIN INTERNATIONAL UNIVERSITY COLLEGE, GHANA - MAIN LIBRARY   14/08/2019   HF5826.5.K381(5e) 8472/066/19 14/08/2019 2 14/08/2019 Books  
    Library of Congress Classification     WISCONSIN INTERNATIONAL UNIVERSITY COLLEGE, GHANA KUMASI LIBRARY WISCONSIN INTERNATIONAL UNIVERSITY COLLEGE, GHANA KUMASI LIBRARY General Stacks 14/11/2019   HF5826.5.K38(5e) K/2241/2241/19 10/03/2022 1 14/08/2019 Books WIUC
    Library of Congress Classification     WISCONSIN INTERNATIONAL UNIVERSITY COLLEGE, GHANA KUMASI LIBRARY WISCONSIN INTERNATIONAL UNIVERSITY COLLEGE, GHANA KUMASI LIBRARY General Stacks 14/11/2019   HF5826.5.K381(5e) K/2242/2242/19 10/03/2022 2 14/08/2019 Books WIUC
    Library of Congress Classification     WISCONSIN INTERNATIONAL UNIVERSITY COLLEGE, GHANA KUMASI LIBRARY WISCONSIN INTERNATIONAL UNIVERSITY COLLEGE, GHANA KUMASI LIBRARY General Stacks 14/11/2019   HF5826.5.K382(5e) K/2243/2243/19 10/03/2022 3 14/08/2019 Books WIUC

If you have any concerns or questions; kindly contact the library


© Powered by WIUC ICT DIRECTORATE